Gas sensors : (Record no. 43999)

MARC details
001 - CONTROL NUMBER
control field 16898543
003 - CONTROL NUMBER IDENTIFIER
control field 0000
005 - DATE AND TIME OF LATEST TRANSACTION
control field 20251118153151.0
008 - FIXED-LENGTH DATA ELEMENTS--GENERAL INFORMATION
fixed length control field 110801s2012 nyua b 001 0 eng
010 ## - LIBRARY OF CONGRESS CONTROL NUMBER
LC control number 2011027343
020 ## - INTERNATIONAL STANDARD BOOK NUMBER
International Standard Book Number 9781614708292
020 ## - INTERNATIONAL STANDARD BOOK NUMBER
International Standard Book Number 1614708290
020 ## - INTERNATIONAL STANDARD BOOK NUMBER
Cancelled/invalid ISBN 9781032235189
035 ## - SYSTEM CONTROL NUMBER
System control number 16898543
035 ## - SYSTEM CONTROL NUMBER
System control number (OCoLC)733248436
040 ## - CATALOGING SOURCE
Original cataloging agency DLC
Language of cataloging eng
Transcribing agency DLC
Modifying agency YDX
-- BTCTA
-- YDXCP
-- DLC
Description conventions rda
042 ## - AUTHENTICATION CODE
Authentication code pcc
050 00 - LIBRARY OF CONGRESS CALL NUMBER
Classification number TP 754 .G27
082 00 - DEWEY DECIMAL CLASSIFICATION NUMBER
Classification number 681/.754
Edition number 23
100 ## - MAIN ENTRY--PERSONAL NAME
Personal name Gupta, Ankur (editor)
245 00 - TITLE STATEMENT
Title Gas sensors :
Remainder of title Manufacturing, materials and technologies/
Statement of responsibility, etc Ankur Gupta et.al. (editors)
264 ## - PUBLICATION, DISTRIBUTION, ETC. (IMPRINT)
Place of publication, distribution, etc Boca Raton
Name of publisher, distributor, etc CRC Press
Date of publication, distribution, etc 2023
300 ## - PHYSICAL DESCRIPTION
Extent xiii, 324p.ill.
336 ## - CONTENT TYPE
Content type term text
Content type code txt
Source rdacontent
337 ## - MEDIA TYPE
Media type term unmediated
Media type code n
Source rdamedia
338 ## - CARRIER TYPE
Carrier type term volume
Carrier type code nc
Source rdacarrier
490 1# - SERIES STATEMENT
Series statement Emerging Materials and Technologies
504 ## - BIBLIOGRAPHY, ETC. NOTE
Bibliography, etc Includes bibliographical references and index.
650 #0 - SUBJECT ADDED ENTRY--TOPICAL TERM
Topical term or geographic name as entry element Gas detectors.
830 #0 - SERIES ADDED ENTRY--UNIFORM TITLE
Uniform title Safety and risk in society series.
906 ## - LOCAL DATA ELEMENT F, LDF (RLIN)
a 7
b cbc
c orignew
d 1
e ecip
f 20
g y-gencatlg
942 ## - ADDED ENTRY ELEMENTS (KOHA)
Source of classification or shelving scheme Library of Congress Classification
Koha item type Books
Holdings
Withdrawn status Lost status Source of classification or shelving scheme Damaged status Not for loan Permanent Location Current Location Date acquired Total Checkouts Full call number Barcode Date last seen Price effective from Koha item type
    Library of Congress Classification     NILE UNIVERSITY OF NIGERIA - MAIN LIBRARY NILE UNIVERSITY OF NIGERIA - MAIN LIBRARY 11/18/2025   TP 754 .G27 2023 0199425 11/18/2025 11/18/2025 Books